Educación superior y desarrollo sostenible: Discursos practicos / Agustin Escalano Bonito (Registro nro. 4683)

Detalles MARC
000 -LEADER
fixed length control field 00541nam a22001931a 4500
001 - CONTROL NUMBER
control field 4683
003 - CONTROL NUMBER IDENTIFIER
control field OSt
005 - DATE AND TIME OF LATEST TRANSACTION
control field 20260204211943.0
008 - FIXED-LENGTH DATA ELEMENTS--GENERAL INFORMATION
fixed length control field 070912s2006||||sp ||||||b||||||||||spa||
020 ## - NUMERO DE LIBRO INTERNACIONAL NORMALIZADO
International Standard Book Number 8497425316
050 ## - LIBRARY OF CONGRESS CALL NUMBER
Classification number 378 E18e
100 ## - ASIENTO PRINCIPAL -- NOMBRE PERSONAL
Personal name Escalano Bonito, Agustin
245 ## - TÍTULO PROPIAMENTE DICHO: SUBTÍTULO
Title Educación superior y desarrollo sostenible: Discursos practicos / Agustin Escalano Bonito
264 ## - PRODUCTION, PUBLICATION, DISTRIBUTION, MANUFACTURE, AND COPYRIGHT NOTICE
Place of production, publication, distribution, manufacture España: Biblioteca Nueva
300 ## - PHYSICAL DESCRIPTION
Extensión 276 p
500 ## - GENERAL NOTE
General note Incluye indice y bibliografía
650 ## - ASIENTO SECUNDARIO DE MATERIA -- TERMINO TEMÁTICO
Termino Temático Como Elemento de Entrada Educación SuperiorÌ
942 ## - ADDED ENTRY ELEMENTS (KOHA)
Source of classification or shelving scheme Dewey Decimal Classification
Koha item type Libros
Existencias
Withdrawn status Lost status Source of classification or shelving scheme Damaged status Not for loan Current library Date acquired Total Checkouts Full call number Barcode Date last seen Price effective from Koha item type
    Dewey Decimal Classification     Biblioteca UTECO 09/09/2019   378 E18E 013177 09/09/2019 09/09/2019 Libros
© 2021 Derechos Reservados UTECO - Teléfono: +1 809-585-2291 - Correo electrónico: biblioteca@uteco.edu.do​  
Código postal 43000 ​​
Dirección: Avenida Universitaria No. 100, 
Cotuí, Provincia Sánchez Ramírez, República Dominicana - RNC: 404-00059-6